00878nam a2200253 ia4500003000400000005001700004008004100021020003700062040002500099082001500124100004200139245010100181264005600282300004600338336002100384337002500405338002300430490002300453650002000476650004300496700002800539700003500567830002200602OSt20200607145122.0130313s2015 -uka j | 001 1 eng d a9781409312215cRM21.95qhardback aPPAKbengcPPAKerda04a823.922231 aDickens, Charles,d1812-1870eauthor.12aA Christmas Carol /cby Charles Dickens ; Retold by Joan Collins ; Illustrated by Steve Horrocks 1aLondon, United Kingdom :bLadybird Books, c[2015?] a71 pages :bcolour illustrations ;c21 cm 2rdacontentatext 2rdamediaaunmediated 2rdacarrieravolume1 aLADYBIRD CLASSICS 10aEnglish fiction20aChristmas storiesvJuvenile literature1 aCollins, Joan,eauthor.1 aHorrocks, Steve,eillustrator. 0aLadybird classics